Państwa świata z najmniejszą liczbą granic lądowych (bez wysp) - Statystyki

Ogólne statystyki
  • Ten quiz został rozwiązany 25 razy
  • Średni wynik to 22 z 26
Statystyki odpowiedzi
Liczba Państwo % Poprawnych
2 (Francja, Hiszpania) Andora
100%
1 (Włochy) San Marino
100%
1 (Włochy) Watykan
100%
2 (Austria, Szwajcaria) Liechtenstein
94%
3 (Belgia, Francja, Niemcy) Luksemburg
94%
1 (Francja) Monako
94%
1 (Niemcy) Dania
89%
1 (Dominikana) Haiti
89%
2 (Belgia, Niemcy) Holandia
89%
1 (Wielka Brytania) Irlandia
89%
1 (Arabia Saudyjska) Katar
89%
1 (Korea Północna) Korea Południowa
89%
1 (Hiszpania) Portugalia
89%
3 (Szwecja, Norwegia, Rosja) Finlandia
83%
1 (RPA) Lesotho
83%
2 (Rumunia, Ukraina) Mołdawia
83%
3 (Szwecja, Finlandia, Rosja) Norwegia
83%
2 (Norwegia, Finlandia) Szwecja
83%
2 (Arabia Saudyjska, Jemen) Oman
78%
2 (Indie, Chiny) Bhutan
72%
1 (Malezja) Brunei
72%
2 (RPA, Mozambik) Eswatini
72%
1 (Senegal) Gambia
72%
2 (Brazylia, Argentyna) Urugwaj
72%
2 (Meksyk, Gwatemala) Belize
67%
2 (Chiny, Rosja) Korea Północna
56%
Nie znaleziono quizów pasujących do podanych kryteriów
Rozkład punktacji
Procent ludzi z każdym wynikiem
Percentyl według liczby udzielonych odpowiedzi
Twoja historia wyników
Nie rozwiązałeś tego quizu